Houston Ballet : (Record no. 137377)

MARC details
000 -CABECERA
campo de control de longitud fija 02509ngm a22004814i 4500
001 - NÚMERO DE CONTROL
campo de control 991061312098506706
003 - IDENTIFICADOR DEL NÚMERO DE CONTROL
campo de control ES-BaIT
005 - FECHA Y HORA DE LA ÚLTIMA TRANSACCIÓN
campo de control 20260415134519.0
008 - DATOS DE LONGITUD FIJA--INFORMACIÓN GENERAL
campo de control de longitud fija 250408s2003 gw ||| |-|||||q|| vleng|c
024 4# - IDENTIFICADOR DE OTROS ESTÁNDARES
Número estándar o código 4006680102801
028 40 - NÚMERO DE EDITOR O DISTRIBUIDOR
Número de editor o de distribuidor 100 280
Fuente Arthaus
040 ## - FUENTE DE LA CATALOGACIÓN
Centro catalogador/agencia de origen ES-BaIT
Lengua de catalogación cat
Normas de descripción rda
Centro/agencia transcriptor ES-BaIT
041 0# - CÓDIGO DE LENGUA
Código de lengua del texto/banda sonora o título independiente eng
Código de lengua de la tabla de contenido eng
-- ger
-- fre
-- spa
Código de lengua de los subtítulos eng
-- ger
-- fre
-- spa
080 ## - NÚMERO DE LA CLASIFICACIÓN DECIMAL UNIVERSAL
Número de la Clasificación Decimal Universal 793.4(086.8)
245 00 - MENCIÓN DE TÍTULO
Título Houston Ballet :
Resto del título Image - Ghost Dances - Journey /
Mención de responsabilidad, etc. produced and directed by Thomas Grimm ; co-produced by Danmarks Radio and Houston Ballet in association with RM Arts
264 #1 - PRODUCCIÓN, PUBLICACIÓN, DISTRIBUCIÓN, FABRICACIÓN Y COPYRIGHT
Producción, publicación, distribución, fabricación y copyright Munich :
Nombre del de productor, editor, distribuidor, fabricante ArtHaus Musik ;
-- RM Associates,
Fecha de producción, publicación, distribución, fabricación o copyright [2003]
300 ## - DESCRIPCIÓN FÍSICA
Extensión 1 videodisc (98 min):
Otras características físicas color, so;
Dimensiones 19 cm +
Material acompañante/anejo 1 llibret (13 pàgines)
336 ## - TIPO DE CONTENIDO
Término de tipo de contenido imatge en moviment bidimensional
Código de tipo de contenido tdi
Fuente rdacontent
337 ## - TIPO DE MEDIO
Nombre/término del tipo de medio vídeo
Código del tipo de medio v
Fuente rdamedia
338 ## - TIPO DE SOPORTE
Nombre/término del tipo de soporte videodisc
Código del tipo de soporte vd
Fuente rdacarrier
344 ## - CARACTERÍSTICAS DE SONIDO
Tipo de grabación digital
Medio de grabación òptic
Configuración de los canales de reproducción del sonido estèreo
Características especiales de reproducción Dolby digital 5.1
Fuente rda
346 ## - CARACTERÍSTICAS DE VÍDEO
Estándar de emisión PAL
347 ## - CARACTERÍSTICAS DEL ARCHIVO DIGITAL
Tipo de archivo fitxer vídeo
Formato de codificación DVD vídeo
Codificación regional totes les regions
Fuente rda
500 ## - NOTA GENERAL
Nota general Format de pantalla (4:3)
500 ## - NOTA GENERAL
Nota general Produït per Danmarks Radio i Houston Ballet el 1991
500 ## - NOTA GENERAL
Nota general Cada obra inclou comentaris del coreògraf i la segona obra també inclou comentaris del compositor
505 8# - NOTA DE CONTENIDO CON FORMATO
Nota de contenido con formato Conté: 1. Image / choreographer, Ben Stevenson ; music, Gustav Mahler ([dancer], Janie Parker ; music recorded by The Danish Radio Symphony Orchestra) -- 2. Ghost dances / choreographer, Christopher Bruce ([soloist dancers], Li Cunxin, Paul LeGros, Sean Kelly ; music recorded by Inti-Illimani) -- 3. Journey / choreographer, Christopher Bruce ; music by Palle Mikkelborg ([soloist dancers], Mark Arvin, Erika Johnson, Gregg Garrett ; music recorded by Duo Concertante)
546 ## - NOTA DE LENGUA/LENGUAJE
Nota de lengua/lenguaje En anglès. Menú en anglès, alemany, francès i castella amb subtítols en anglès, alemany, francès i castella
650 #4 - PUNTO DE ACCESO ADICIONAL DE MATERIA--TÉRMINO DE MATERIA
Término de materia o nombre geográfico como elemento de entrada Dansa clàssica
Subdivisión general Coreografies
9 (RLIN) 56589
655 #4 - TÉRMINO DE INDIZACIÓN--GÉNERO/FORMA
Datos o término principal de género/forma Cinema de dansa
9 (RLIN) 127060
700 1# - ENTRADA AGREGADA--NOMBRE PERSONAL
Nombre de persona Stevenson, Ben,
Fechas asociadas al nombre 1937-2026
Término indicativo de función/relación coreògraf
9 (RLIN) 169260
700 1# - ENTRADA AGREGADA--NOMBRE PERSONAL
Nombre de persona Mahler, Gustav,
Fechas asociadas al nombre 1860-1911
Término indicativo de función/relación compositor
9 (RLIN) 31011
700 1# - ENTRADA AGREGADA--NOMBRE PERSONAL
Nombre de persona Mikkelborg, Palle
Término indicativo de función/relación compositor
9 (RLIN) 169261
700 1# - ENTRADA AGREGADA--NOMBRE PERSONAL
Nombre de persona Bruce, Christopher,
Fechas asociadas al nombre 1945-
Término indicativo de función/relación coreògraf
9 (RLIN) 95032
700 1# - ENTRADA AGREGADA--NOMBRE PERSONAL
Nombre de persona Grimm, Thomas,
Fechas asociadas al nombre 1942-
Término indicativo de función/relación cineasta
9 (RLIN) 166300
710 2# - ENTRADA AGREGADA--NOMBRE DE ENTIDAD CORPORATIVA
Nombre de entidad corporativa o nombre de jurisdicción como elemento de entrada Houston Ballet
Término indicativo de función/relación ballarí
9 (RLIN) 169263
730 02 - ENTRADA AGREGADA--TÍTULO UNIFORME
Título uniforme Image (Coreografia)
9 (RLIN) 169266
730 02 - ENTRADA AGREGADA--TÍTULO UNIFORME
Título uniforme Ghost dances (Coreografia)
9 (RLIN) 169267
730 02 - ENTRADA AGREGADA--TÍTULO UNIFORME
Título uniforme Journey (Coreografia)
9 (RLIN) 169268
908 ## - COLOCAR PARÁMETRO DE COMANDO (RLIN)
Colocar parámetro de comando CDMAE
940 ## - EQUIVALENCIA O REFERENCIA-CRUZADA--TÍTULO UNIFORME [OBSOLETO] [solamente CAN/MARC]
Título uniforme <a href="CDMAE">CDMAE</a>
942 ## - ELEMENTOS DE ENTRADA AGREGADA (KOHA)
Fuente del sistema de clasificación o colocación Clasificación decimal universal
Tipo de ítem Koha Vídeo
Holdings
Estado de retiro Estado de pérdida Fuente del sistema de clasificación o colocación Estado dañado No para préstamo Localización permanente Ubicación/localización actual Ubicación en estantería Fecha de adquisición Fuente de adquisición Total de préstamos Signatura topográfica completa Código de barras Fecha visto por última vez Precio válido a partir de Tipo de ítem Koha
    Clasificación decimal universal   Novetat Biblioteca Barcelona Biblioteca Barcelona BCN Vídeo 15/04/2026 Donatiu   V-DB HOU 1900089806 15/04/2026 15/04/2026 Vídeo

Powered by Koha